Personnage Naruto : Naruto #1 - Statistiques

Statistiques générales
  • Ce quiz a été pris 1 305 fois
  • Le résultat moyen est 17 sur 30
Statistiques - réponses
Informations Réponses % Correct
Village Konoha
86%
Age partie 1 12-13 ans
81%
Age partie 2 15-17 ans
81%
Clan Uzumaki
79%
Sai
73%
Sexe Masculin
71%
Poids partie 2 (5 kg près) 50.9 kg
65%
Fils Boruto Uzumaki
64%
Sasuke Uchiwa
63%
Rang partie 1 Genin
62%
Rang partie 2 Genin
62%
Taille partie 1 (à 5 cm près) 145,3-147,5 cm
61%
Taille partie 2 (à 5 cm près) 166 cm
61%
Poids partie 1 (5 kg près) 40.1-40.6 kg
61%
Mère Kushina Uzumaki
61%
Père Minato Namikaze
61%
Sakura Haruno
61%
Femme Hinata Hyuga
59%
Rang épilogue Hokage
59%
Rasengan
59%
Parrain Jiraya
58%
Partenaire équipe 7 Kakashi Hatake
58%
Techniques favorites Kage Bunshin no Jutsu
55%
Nouveau équipe 7 Yamato
55%
Fille Himawari Uzumaki
49%
Nature de chakra Futton
44%
Taille période creuse 180 cm
41%
Date de naissance 10 octobre
29%
Particuliarité Jinchûriki
21%
Première apparition Naruto episode 1
9%
Aucun quiz correspondant
Distribution des résultats
% des personnes avec chaque résultat
Percentile par nombre de réponses
Votre historique - résultats
Vous n’avez pas pris ce quiz